<?xml version="1.0" encoding="UTF-8"?>
<record
    xmlns:xsi="http://www.w3.org/2001/XMLSchema-instance"
    xsi:schemaLocation="http://www.loc.gov/MARC21/slim http://www.loc.gov/standards/marcxml/schema/MARC21slim.xsd"
    xmlns="http://www.loc.gov/MARC21/slim">

  <leader>03239nam a2200433Ii 4500</leader>
  <controlfield tag="001">DIGVERBUM0167</controlfield>
  <controlfield tag="003">NyNyDIG</controlfield>
  <controlfield tag="006">m     o  d        </controlfield>
  <controlfield tag="007">cr |||||||||||</controlfield>
  <controlfield tag="008">150303t20122012sp      ob    000 0 spa d</controlfield>
  <datafield tag="035" ind1=" " ind2=" ">
    <subfield code="a">(OCoLC)908273660</subfield>
  </datafield>
  <datafield tag="040" ind1=" " ind2=" ">
    <subfield code="a">DGITA</subfield>
    <subfield code="b">eng</subfield>
    <subfield code="e">rda</subfield>
    <subfield code="e">pn</subfield>
    <subfield code="c">DGITA</subfield>
  </datafield>
  <datafield tag="020" ind1=" " ind2=" ">
    <subfield code="z">9788479627393</subfield>
  </datafield>
  <datafield tag="020" ind1=" " ind2=" ">
    <subfield code="z">8479627395</subfield>
  </datafield>
  <datafield tag="050" ind1="1" ind2="4">
    <subfield code="a">PQ8098.12.O38 eBook</subfield>
  </datafield>
  <datafield tag="245" ind1="0" ind2="0">
    <subfield code="a">Roberto Bola&#xF1;o, estrella cercana :</subfield>
    <subfield code="b">ensayos sobre su obra /</subfield>
    <subfield code="c">Augusta L&#xF3;pez Bernasocchi, Jos&#xE9; Manuel L&#xF3;pez de Abiada, editores ; con la colaboraci&#xF3;n de Juan Miguel L&#xF3;pez Merino.</subfield>
  </datafield>
  <datafield tag="264" ind1=" " ind2="1">
    <subfield code="a">Madrid :</subfield>
    <subfield code="b">Editorial Verbum,</subfield>
    <subfield code="c">2012.</subfield>
  </datafield>
  <datafield tag="264" ind1=" " ind2="4">
    <subfield code="c">&#xA9;2012</subfield>
  </datafield>
  <datafield tag="300" ind1=" " ind2=" ">
    <subfield code="a">1 online resource (436 pages)</subfield>
  </datafield>
  <datafield tag="336" ind1=" " ind2=" ">
    <subfield code="a">text</subfield>
    <subfield code="b">txt</subfield>
    <subfield code="2">rdacontent</subfield>
  </datafield>
  <datafield tag="337" ind1=" " ind2=" ">
    <subfield code="a">computer</subfield>
    <subfield code="b">c</subfield>
    <subfield code="2">rdamedia</subfield>
  </datafield>
  <datafield tag="338" ind1=" " ind2=" ">
    <subfield code="a">online resource</subfield>
    <subfield code="b">cr</subfield>
    <subfield code="2">rdacarrier</subfield>
  </datafield>
  <datafield tag="490" ind1="1" ind2=" ">
    <subfield code="a">Verbum ensayo</subfield>
  </datafield>
  <datafield tag="504" ind1=" " ind2=" ">
    <subfield code="a">Includes bibliographical references.</subfield>
  </datafield>
  <datafield tag="505" ind1="0" ind2=" ">
    <subfield code="a">Hacia Bola&#xF1;o. Una introducci&#xF3;n / Jos&#xE9; Manuel L&#xF3;pez de Abiada -- El poeta-detective-asesino, personaje recurrente y alter ego en la narrativa de Roberto Bola&#xF1;o / Mar&#xED;a Jos&#xE9; Bru&#xF1;a Bragado -- Bola&#xF1;o: los seis grados de separaci&#xF3;n del paradigma / Wilfredo H / Corral -- Silencio y m&#xFA;sica en Nocturno de Chile: una est&#xE9;tica de la reticencia / Mar&#xED;a Esperanza Dom&#xED;nguez -- Educar a los hu&#xE9;rfanos de Bola&#xF1;o / Scott Esposito -- 2666 personajes en busca de un destino / Dunia Gras Miravet -- B&#xFA;squeda, errancia y degeneraci&#xF3;n en Los detectives salvajes / Milene Hostettler-Sarmiento -- Cuando Bola&#xF1;o "habla" mexicano: en torno a la oralidad fingida en Los detectives salvajes / Marco Kunz -- Hacia Los detectives salvajes, de Roberto Bola&#xF1;o. Gu&#xED;a de lectura / Augusta L&#xF3;pez Bernasocchi, Jos&#xE9; Manuel L&#xF3;pez de Abiada -- 2666 personajes en busca de un destino / Luis Mart&#xED;nez de Mingo -- Novela-nieve, poema-r&#xED;o:sobre Amberesy Gente que se aleja / Pablo Moi&#xF1;o S&#xE1;nchez -- La fuente y el desierto / Andr&#xE9;s Neuman -- El territorio literario de Roberto Bola&#xF1;o en Llamadas telef&#xF3;nicas / Julio Pe&#xF1;ate Rivero -- Roberto Bola&#xF1;o como personaje y su lugar en la constituci&#xF3;n de una nueva tradici&#xF3;n literaria hispanoamericana / Patricio Pron -- Entrevista a Roberto Bola&#xF1;o / Uwe Stolzmann -- Poes&#xED;a y prosa en la obra de Roberto Bola&#xF1;o / Helena Usandizaga -- Los cr&#xED;menes de Santa Teresa y las trompetas de Jeric&#xF3;. Reflexiones sobre ficciones y fronteras / Jorge Volpi -- Bibliograf&#xED;a selecta.</subfield>
  </datafield>
  <datafield tag="588" ind1="0" ind2=" ">
    <subfield code="a">Online resource; title from ePub and PDF title page (Digitalia, viewed March 20, 2015)</subfield>
  </datafield>
  <datafield tag="600" ind1="1" ind2="0">
    <subfield code="a">Bola&#xF1;o, Roberto,</subfield>
    <subfield code="d">1953-2003</subfield>
    <subfield code="x">Criticism and interpretation.</subfield>
  </datafield>
  <datafield tag="655" ind1=" " ind2="0">
    <subfield code="a">Electronic books.</subfield>
  </datafield>
  <datafield tag="700" ind1="1" ind2=" ">
    <subfield code="a">L&#xF3;pez Bernasocchi, Augusta,</subfield>
    <subfield code="e">ditor.</subfield>
  </datafield>
  <datafield tag="700" ind1="1" ind2=" ">
    <subfield code="a">L&#xF3;pez de Abiada, Jos&#xE9; Manuel,</subfield>
    <subfield code="e">ditor.</subfield>
  </datafield>
  <datafield tag="700" ind1="1" ind2=" ">
    <subfield code="a">L&#xF3;pez Merino, Juan Miguel,</subfield>
    <subfield code="d">1973-</subfield>
    <subfield code="e">ditor.</subfield>
  </datafield>
  <datafield tag="791" ind1="2" ind2=" ">
    <subfield code="a">Digitalia (Firm),</subfield>
    <subfield code="e">distributor.</subfield>
  </datafield>
  <datafield tag="793" ind1="0" ind2=" ">
    <subfield code="g">Digitalia eBook Collection:</subfield>
    <subfield code="a">Verbum</subfield>
  </datafield>
  <datafield tag="776" ind1="0" ind2="8">
    <subfield code="i">Print version:</subfield>
    <subfield code="t">Roberto Bola&#xF1;o, estrella cercana.</subfield>
    <subfield code="d">Madrid : Editorial Verbum, [2012]</subfield>
    <subfield code="z">9788479627393</subfield>
    <subfield code="w">(OCoLC)829225637</subfield>
  </datafield>
  <datafield tag="830" ind1=" " ind2="0">
    <subfield code="a">Ensayo (Editorial Verbum)</subfield>
  </datafield>
  <datafield tag="856" ind1="4" ind2="0">
    <subfield code="3">Digitalia Hisp&#xE1;nica</subfield>
    <subfield code="u">https://www.digitaliapublishing.com/a/32850/</subfield>
  </datafield>
  <datafield tag="910" ind1=" " ind2=" ">
    <subfield code="a">Premium Collection: 2015</subfield>
  </datafield>
  <datafield tag="942" ind1=" " ind2=" ">
    <subfield code="c">RAA</subfield>
  </datafield>
  <datafield tag="952" ind1=" " ind2=" ">
    <subfield code="0">0</subfield>
    <subfield code="1">0</subfield>
    <subfield code="4">0</subfield>
    <subfield code="7">0</subfield>
    <subfield code="8">DEH</subfield>
    <subfield code="a">BD-UIN</subfield>
    <subfield code="b">BD-UIN</subfield>
    <subfield code="d">2025-04-25</subfield>
    <subfield code="l">0</subfield>
    <subfield code="r">2025-04-25</subfield>
    <subfield code="w">2025-04-25</subfield>
    <subfield code="y">RAA</subfield>
  </datafield>
  <datafield tag="999" ind1=" " ind2=" ">
    <subfield code="c">241581</subfield>
    <subfield code="d">241581</subfield>
  </datafield>
</record>
